Saudi Pro League Winner by Year - Statistics

General Stats
  • This quiz has been taken 38 times
  • The average score is 41 of 49
Answer Stats
Year Answer % Correct
23-24 Al-Hilal
100%
21-22 Al-Hilal
100%
20-21 Al-Hilal
100%
19-20 Al-Hilal
100%
17-18 Al-Hilal
100%
16-17 Al-Hilal
100%
10-11 Al-Hilal
100%
09-10 Al-Hilal
100%
07-08 Al-Hilal
100%
04-05 Al-Hilal
100%
01-02 Al-Hilal
100%
95-96 Al-Hilal
100%
89-90 Al-Hilal
100%
87-88 Al-Hilal
100%
85-86 Al-Hilal
100%
84-85 Al-Hilal
100%
78-79 Al-Hilal
100%
76-77 Al-Hilal
100%
15-16 Al-Ahli
87%
83-84 Al-Ahli
87%
77-78 Al-Ahli
87%
18-19 Al-Nassr
87%
14-15 Al-Nassr
87%
13-14 Al-Nassr
87%
96-97 Al-Nassr
87%
94-95 Al-Nassr
87%
93-94 Al-Nassr
87%
88-89 Al-Nassr
87%
80-81 Al-Nassr
87%
79-80 Al-Nassr
87%
24-25 Al-Ittihad
84%
22-23 Al-Ittihad
84%
08-09 Al-Ittihad
84%
06-07 Al-Ittihad
84%
03-04 Al-Ittihad
84%
02-03 Al-Ittihad
84%
00-01 Al-Ittihad
84%
99-00 Al-Ittihad
84%
98-99 Al-Ittihad
84%
97-98 Al-Ittihad
84%
81-82 Al-Ittihad
84%
11-12 Al-Shabab
55%
05-06 Al-Shabab
55%
92-93 Al-Shabab
55%
91-92 Al-Shabab
55%
90-91 Al-Shabab
55%
12-13 Al-Fateh
39%
86-87 Al-Ittifaq
19%
82-83 Al-Ittifaq
19%
No matching quizzes found
Score Distribution
Percent of People with Each Score
Percentile by Number Answered
Your Score History
You have not taken this quiz